Homophone Pairs Quiz Stats

 Plays Quiz Updated Dec 3, 2018

Support Sporcle.
Go Orange.
Score 0/26 Timer 08:00
1 Play Today
Clue Two words/names % Correct
A nude grizzlybare bear
92.1%
7-day period that lacks strengthweak week
90.4%
To wander around Italy's capitalroam Rome
87.8%
Cain's competent brotherable Abel
84.3%
A glimpse of a mountain's toppeak peek
80.9%
A scary Great Lakeeerie Erie
76.6%
Sir Lancelot's eveningsknight's nights
75.9%
A conceited blood vesselvain vein
70%
A music group prohibited from performingbanned band
67.2%
Chases away footwearshoos shoes
65%
Run away from a small insectflee flea
62.9%
Entirely divinewholly holy
55.1%
the proboscis understandsnose knows
52.3%
Clue Two words/names % Correct
Permitted to be spokenallowed aloud
51.4%
Refer to an online sourcecite site
48.7%
The visitor conjecturedguest guessed
46.7%
A recent Wildebeestnew gnu
40.7%
Siamese neckwearThai Tie
39%
Duration of inclement weatherrain reign
38.8%
A direct water channelstraight strait
37.3%
Mafioso's domestic helpmade maid
35.7%
Pleasing hotel accommodationsweet suite
33.9%
Hungarian composer's things to doLiszt's lists
22%
Regrets deceptionrues ruse
21.4%
An immodest book introductionforward foreword
14.1%
The income from predictionprophet profit
10.4%

You're not logged in!

Compare scores with friends on all Sporcle quizzes.
OR
Log In
Forgot?

From the Vault

Is It Really Luigi?

by pdigoe

Gaming 3m
Well, it's definitely not Sonic.
Remove Ads.
Support Sporcle.
Get the best of Sporcle when you Go Orange. This ad-free experience offers more features, more stats, and more fun while also helping to support Sporcle. Thank you for becoming a member.

Show Comments

Extras

Top Quizzes Today


Score Distribution

Your Account Isn't Verified!

In order to create a playlist on Sporcle, you need to verify the email address you used during registration. Go to your Sporcle Settings to finish the process.

Report this User

Report this user for behavior that violates our Community Guidelines.

Details: